00327nam a2200121Ia 4500008004100000041000800041082001200049100002100061245002900082260004200111300000800153650004400161230516s1990 xx 000 0 und d aeng a614/DIG aReader,s Digest  aFamily a Medical Adviser bR.D. ASSOCIATION LIMITED LONDONc1990 a624 aHEALTH EDUCATION AND COMMUNITY PHARMACY